|
|
|
|
| LEADER |
00000nam0a2200000 4500 |
| 001 |
271195 |
| 005 |
20231101234419.0 |
| 035 |
|
|
|a (RuTPU)RU\TPU\book\294376
|
| 090 |
|
|
|a 271195
|
| 100 |
|
|
|a 20141006d1969 k y0rusy50 ca
|
| 101 |
0 |
|
|a rus
|
| 102 |
|
|
|a RU
|
| 105 |
|
|
|a a dm 001zy
|
| 200 |
1 |
|
|a Исследование влияния химического состава алюминиевого сырья на физио-химические и технологические свойства саморассыпающихся алюмокальциевых спеков
|e автореферат диссертации на соискание ученой степени кандидата технических наук
|e спец. 340
|f В. Ф. Кочержинская
|g Всесоюзный научно-исследовательский и проектный институт алюминиевой, магниевой и электродной промышленности (ВАМИ) ; науч. рук. Н. И. Еремин
|
| 210 |
|
|
|a Ленинград
|d 1969
|
| 215 |
|
|
|a 19 с.
|c ил.
|
| 300 |
|
|
|a Защита сот. в октябре 1969 г.
|
| 320 |
|
|
|a Библиогр.: с. 19 (4 назв.)
|
| 606 |
1 |
|
|a Алюминий,соединения
|2 stltpush
|3 (RuTPU)RU\TPU\subj\32768
|9 55211
|
| 610 |
1 |
|
|a алюмосиликатное сырье
|
| 610 |
1 |
|
|a известняк
|
| 610 |
1 |
|
|a спекание
|
| 610 |
1 |
|
|a самораспыляющиеся спеки
|
| 610 |
1 |
|
|a свойства
|
| 610 |
1 |
|
|a авторефераты диссертаций
|
| 675 |
|
|
|a 661.86(04)
|v 3
|
| 686 |
|
|
|a 340
|2 oksvnk
|
| 700 |
|
1 |
|a Кочержинская
|b В. Ф.
|
| 702 |
|
1 |
|a Еремин
|b Н. И.
|4 727
|
| 712 |
0 |
2 |
|a Всесоюзный научно-исследовательский и проектный институт алюминиевой, магниевой и электродной промышленности (ВАМИ)
|2 stltpush
|3 (RuTPU)RU\TPU\col\11699
|
| 801 |
|
1 |
|a RU
|b 63413507
|c 20141006
|
| 801 |
|
2 |
|a RU
|b 63413507
|c 20161208
|g RCR
|
| 942 |
|
|
|c BK
|